<?xml version="1.0" encoding="UTF-8"?>
<resp>
  <nextPage>https://data.bn.org.pl/api/networks/bibs.marcxml?marc=001+b1000000401801&amp;sinceId=1000000401802</nextPage>
  <collection>
    <record xmlns='http://www.loc.gov/MARC21/slim'><leader>02087nkm a2200541 i 4500</leader><controlfield tag='001'>b1000000401801</controlfield><controlfield tag='005'>20251216080649.5</controlfield><controlfield tag='007'>kj#ao#</controlfield><controlfield tag='008'>190830s1742    xx nnn       |    anzxx c</controlfield><controlfield tag='009'>9911240387105606</controlfield><datafield ind1=' ' ind2=' ' tag='035'><subfield code='a'>(PL)b1000000401801</subfield></datafield><datafield ind1=' ' ind2=' ' tag='040'><subfield code='a'>WA N</subfield><subfield code='c'>WA N</subfield><subfield code='d'>WA N</subfield></datafield><datafield ind1=' ' ind2=' ' tag='046'><subfield code='k'>1742~</subfield><subfield code='2'>edtf</subfield></datafield><datafield ind1='1' ind2=' ' tag='100'><subfield code='a'>Fleischmann, August Christian</subfield><subfield code='d'>(fl. 1704-1732)</subfield><subfield code='e'>Rytownik</subfield></datafield><datafield ind1='1' ind2='0' tag='245'><subfield code='a'>[Portret Jobsta Wilhelma Kohlesa].</subfield></datafield><datafield ind1=' ' ind2=' ' tag='260'><subfield code='c'>[nie po 1742].</subfield></datafield><datafield ind1=' ' ind2=' ' tag='300'><subfield code='a'>1 grafika :</subfield><subfield code='b'>miedzioryt ;</subfield><subfield code='c'>kompozycja 11,5x10,3 cm.</subfield></datafield><datafield ind1=' ' ind2=' ' tag='336'><subfield code='a'>Obraz</subfield><subfield code='b'>sti</subfield><subfield code='2'>rdacontent</subfield></datafield><datafield ind1=' ' ind2=' ' tag='337'><subfield code='a'>Bez urządzenia pośredniczącego</subfield><subfield code='b'>n</subfield><subfield code='2'>rdamedia</subfield></datafield><datafield ind1=' ' ind2=' ' tag='338'><subfield code='a'>Arkusz</subfield><subfield code='b'>nb</subfield><subfield code='2'>rdacarrier</subfield></datafield><datafield ind1=' ' ind2=' ' tag='380'><subfield code='a'>Grafiki</subfield></datafield><datafield ind1=' ' ind2=' ' tag='386'><subfield code='m'>Przynależność kulturowa</subfield><subfield code='a'>Grafika niemiecka</subfield></datafield><datafield ind1='1' ind2=' ' tag='388'><subfield code='a'>1701-1800</subfield></datafield><datafield ind1=' ' ind2=' ' tag='500'><subfield code='a'>Niesygnowana, autorem jest August Christian Fleischmann.</subfield></datafield><datafield ind1=' ' ind2=' ' tag='500'><subfield code='a'>Portret (odbitka après la lettre) publikowany w: Icones bibliopolarum et typographorum de republica litteraria bene meritorum [...], Nürnberg 1742.</subfield></datafield><datafield ind1='1' ind2='7' tag='600'><subfield code='a'>Kohles, Jobst Wilhelm</subfield><subfield code='d'>(1661-1739)</subfield><subfield code='2'>DBN</subfield></datafield><datafield ind1=' ' ind2='7' tag='648'><subfield code='a'>1601-1700</subfield><subfield code='2'>DBN</subfield></datafield><datafield ind1=' ' ind2='7' tag='648'><subfield code='a'>1701-1800</subfield><subfield code='2'>DBN</subfield></datafield><datafield ind1=' ' ind2='7' tag='650'><subfield code='a'>Księgarze</subfield><subfield code='2'>DBN</subfield></datafield><datafield ind1=' ' ind2='7' tag='650'><subfield code='a'>Drukarze</subfield><subfield code='2'>DBN</subfield></datafield><datafield ind1=' ' ind2='7' tag='651'><subfield code='a'>Altdorf bei Nürnberg (Niemcy)</subfield><subfield code='2'>DBN</subfield></datafield><datafield ind1=' ' ind2='7' tag='651'><subfield code='a'>Niemcy</subfield><subfield code='2'>DBN</subfield></datafield><datafield ind1=' ' ind2='7' tag='655'><subfield code='a'>Miedzioryt</subfield><subfield code='2'>DBN</subfield></datafield><datafield ind1=' ' ind2='7' tag='655'><subfield code='a'>Portrety</subfield><subfield code='2'>DBN</subfield></datafield><datafield ind1=' ' ind2=' ' tag='852'><subfield code='8'>22593194920005066</subfield><subfield code='j'>1</subfield><subfield code='h'>G.30102/WAF.129</subfield><subfield code='b'>BN_PL</subfield><subfield code='p'>888a0306492</subfield><subfield code='c'>bikon</subfield><subfield code='z'>odbitka obcięta</subfield></datafield><datafield ind1=' ' ind2=' ' tag='852'><subfield code='b'>48OMNIS_NLOP</subfield><subfield code='8'>991052557295605066</subfield></datafield><datafield ind1=' ' ind2=' ' tag='852'><subfield code='b'>48OMNIS_NETWORK</subfield><subfield code='8'>9911240387105606</subfield></datafield><datafield ind1=' ' ind2=' ' tag='950'><subfield code='u'>https://eu05.alma.exlibrisgroup.com/view/uresolver/48OMNIS_NETWORK/openurl?u.ignore_date_coverage=true&amp;portfolio_pid=53682976550005066&amp;Force_direct=true</subfield><subfield code='z'>Zobacz w Polonie sygnatura: G.30102/WAF.129</subfield><subfield code='8'>53682976550005066</subfield></datafield></record>
  </collection>
</resp>
